Ruth decides whilst her God guides a literary approach to the sapiental narratives of the old testament, with particular reference to religious and adult education (Registro nro. 50315)
[ vista simple ]
| 000 -LÍDER | |
|---|---|
| Campo fijo de descripción fija | 016150000a22002170004500 |
| 001 - NÚMERO DE CONTROL | |
| Campo de control | 768714001 |
| 003 - IDENTIFICADOR DEL NÚMERO DE CONTROL | |
| Campo de control | CO-MdFUSB |
| 005 - FECHA Y HORA DE LA ULTIMA TRANSACCIÓN | |
| control field | 20161102164312.0 |
| 008 - ELEMENTOS DE LONGITUD FIJA -- INFORMACIÓN GENERAL | |
| Campo fijo de descripción fija -- Información general | 161102s2004 sp ||||| |||| 00| 0 eng d |
| 022 ## - NÚMERO INTERNACIONAL NORMALIZADO PARA PUBLICACIONES SERIADAS | |
| Número Internacional Normalizado para Publicaciones Seriadas | 0014-1437 |
| 040 ## - FUENTE DE CATALOGACIÓN | |
| Agencia Catalogadora | CO-MdFUSB |
| Idioma de catalogación | spa |
| Agencia que realiza la transcripción | CO-MdFUSB |
| Agencia que realiza la modificación | CO-MdFUSB |
| 041 ## - CÓDIGO DE IDIOMA | |
| Código de idioma para texto/pista de sonido o título separado | eng |
| 100 1# - ASIENTO PRINCIPAL--NOMBRE PERSONAL | |
| Nombre personal | Feuerstein, Rüdiger |
| Término relacionador | autor |
| 245 10 - TÍTULO | |
| Título | Ruth decides whilst her God guides a literary approach to the sapiental narratives of the old testament, with particular reference to religious and adult education |
| 300 ## - DESCRIPCIÓN FÍSICA | |
| Extensión | Volumen 62, número 1 (2004), Páginas 49-58 |
| Dimensiones | 23 cm. |
| 520 ## - NOTA DE RESUMEN, ETC. | |
| Nota de sumario, etc. | La narración de Ruth está construida sobre la base de una serie de decisiones que toman los personajes de este libro: ir o quedarse, aceptar o rechazar la responsabilidad, seguir el sentir social común o no tenerlo en cuenta. Por detrás de la acción humana, Dios se presenta guiando los acontecimientos, no de una forma cohercitiva, sino efectiva, para apoyar los esfuerzos humanos hacia su mejor final. De esta forma, el libro de Ruth anima a acoger los valores de la solidaridad y del amor verdadero, sin abandonar el ámbito de la realidad en ningún momento. Este aspecto literario del libro tiene algunos puntos en común con otras narraciones sapienciales del Antiguo Testamento. El sencillo argumento y la clara moral de este libro lo hacen recomendable como ayuda para familiarizarse con este tipo de literatura bíblica. |
| 546 ## - NOTA DE IDIOMA | |
| Nota de idioma | Texto en Inglés |
| 653 ## - TÉRMINO DE INDIZACIÓN - NO CONTROLADO | |
| Término no controlado | Libro de Ruth |
| 773 0# - ASIENTO DE ITEM FUENTE | |
| Título | Estudios Bíblicos |
| Biblionumber | 49452 |
| Itemnumber | 60455 |
| Parte(s) relacionada(s) / Volumen., número. (mes año), páginas | Volumen 62, número 1 (2004), Páginas 49-58 |
| Enumeración y primera página | Páginas 49 |
| 942 ## - TIPO DE MATERIAL (KOHA) | |
| Tipo de Item KOHA | Artículos de Revista |
| Expurgo - (Retirado) | Estado de Perdido | Estado de Dañado | No prestable | Colección | Ubicación habitual | Ubicación actual | Fecha de Adquisición | Signatura Topográfica | Tipo de Material |
|---|---|---|---|---|---|---|---|---|---|
| Colección de Hemeroteca | Biblioteca FUSBC | Biblioteca FUSBC | 26/01/2016 | Artículos de Revista |
